| 000 | 04036cam a22006857a 4500 | ||
|---|---|---|---|
| 003 | CHAP | ||
| 005 | 20220329140859.0 | ||
| 008 | 971013s1973 r 00010 d | ||
| 010 | _a59173 | ||
| 011 | _a60145 | ||
| 035 | _a64305 | ||
| 040 | _cCHAP | ||
| 082 |
_a651.264 _bP7 |
||
| 245 | 0 | _aPrograma de adiestramiento para analistas de sistemas de procesamiento automático de datos | |
| 260 |
_aMéxico : _bDiana, _c1973 |
||
| 300 | _a5 v. en 8 t. | ||
| 505 | _aContenido: v.1 Pte.1 Simplificación del trabajo y creatividad.- v.1 Pte.2 Guía para la simplificación del trabajo de oficina -- v.1 Pte.3 Guía del comportamiento creador -- v.1 Pte.4 Cuaderno de trabajo del comportamiento creador -- v.2 Organización, | ||
| 590 |
_aBATCH-UPD _b10 _c20130110 _lUCH01 _h1740 |
||
| 590 |
_aBATCH-UPD _b10 _c20130410 _lUCH01 _h1119 |
||
| 590 |
_aBATCH-UPD _b10 _c20130914 _lUCH01 _h0351 |
||
| 590 |
_aCONVERSION _b10 _c20130109 _lUCH01 _h1332 |
||
| 650 | 1 | 4 |
_aAnálisis de sistemas. _95976 |
| 650 | 1 | 4 |
_aPersonal _xAdministración de. _987325 |
| 650 | 1 | 4 |
_aProcesamiento automático de datos en administración de empresas. _991748 |
| 650 | 1 | 4 |
_aProcesamiento automático de datos. _991738 |
| 901 | _aBK | ||
| 942 | _cLIBRO | ||
| 949 |
_a651.264 P7 _bBC _cLIBRO _d-141213 _eLIBRO _fv.1 Pte.1 c.4 _h30783 _i64305 _si |
||
| 949 |
_a651.264 P7 _bBC _cLIBRO _d-141214 _eLIBRO _fv.1 Pte.2 _h30763 _i64305 _si |
||
| 949 |
_a651.264 P7 _bBC _cLIBRO _d-141217 _eLIBRO _fv.1 Pte.2 c.4 _h30784 _i64305 _si |
||
| 949 |
_a651.264 P7 _bBC _cLIBRO _d-141220 _eLIBRO _fv.1 Pte.3 c.4 _h30785 _i64305 _si |
||
| 949 |
_a651.264 P7 _bBC _cLIBRO _d-141221 _eLIBRO _fv.1 Pte.4 _h30765 _i64305 _si |
||
| 949 |
_a651.264 P7 _bBC _cLIBRO _d-141227 _eLIBRO _fv.2 c.2 _h30773 _i64305 _si |
||
| 949 |
_a651.264 P7 _bBC _cLIBRO _d33724000271144 _eLIBRO _fv.1 Pte.1 c.2 _h30769 _i64305 _si |
||
| 949 |
_a651.264 P7 _bBC _cLIBRO _d33724000271151 _eLIBRO _fv.1 Pte.1 _h30762 _i64305 _mD _si |
||
| 949 |
_a651.264 P7 _bBC _cLIBRO _d33724000271169 _eLIBRO _fv.1 Pte.1 c.3 _h30776 _i64305 _si |
||
| 949 |
_a651.264 P7 _bBC _cLIBRO _d33724000271177 _eLIBRO _fv.1 Pte.2 c.2 _h30770 _i64305 _si |
||
| 949 |
_a651.264 P7 _bBC _cLIBRO _d33724000271185 _eLIBRO _fv.1 Pte.2 c.3 _h30777 _i64305 _si |
||
| 949 |
_a651.264 P7 _bBC _cLIBRO _d33724000271193 _eLIBRO _fv.1 Pte.4 c.2 _h30772 _i64305 _si |
||
| 949 |
_a651.264 P7 _bBC _cLIBRO _d33724000271201 _eLIBRO _fv.1 Pte.4 c.3 _h30779 _i64305 _si |
||
| 949 |
_a651.264 P7 _bBC _cLIBRO _d33724000271219 _eLIBRO _fv.1 Pte.4 c.4 _h30786 _i64305 _si |
||
| 949 |
_a651.264 P7 _bBC _cLIBRO _d33724000271227 _eLIBRO _fv.2 _h30766 _i64305 _si |
||
| 949 |
_a651.264 P7 _bBC _cLIBRO _d33724000271235 _eLIBRO _fv.2 c.3 _h30780 _i64305 _si |
||
| 949 |
_a651.264 P7 _bBC _cLIBRO _d33724000271243 _eLIBRO _fv.2 c.4 _h30787 _i64305 _si |
||
| 949 |
_a651.264 P7 _bBC _cLIBRO _d33724000271250 _eLIBRO _fv.1 Pte.3 _h30764 _i64305 _si |
||
| 949 |
_a651.264 P7 _bBC _cLIBRO _d33724000271268 _eLIBRO _fv.1 Pte.3 c.2 _h30771 _i64305 _si |
||
| 949 |
_a651.264 P7 _bBC _cLIBRO _d33724000271276 _eLIBRO _fv.1 Pte.3 c.3 _h30778 _i64305 _si |
||
| 949 |
_a651.264 P7 _bBC _cLIBRO _d33724000271284 _eLIBRO _fv.3-4 _h30767 _i64305 _si |
||
| 949 |
_a651.264 P7 _bBC _cLIBRO _d33724000271292 _eLIBRO _fv.3-4 c.2 _h30774 _i64305 _si |
||
| 949 |
_a651.264 P7 _bBC _cLIBRO _d33724000271300 _eLIBRO _fv.3-4 c.3 _h30781 _i64305 _si |
||
| 949 |
_a651.264 P7 _bBC _cLIBRO _d33724000271318 _eLIBRO _fv.3-4 c.4 _h30788 _i64305 _si |
||
| 949 |
_a651.264 P7 _bBC _cLIBRO _d33724000271326 _eLIBRO _fv.5 _h31302 _i64305 _si |
||
| 949 |
_a651.264 P7 _bBC _cLIBRO _d33724000271334 _eLIBRO _fv.5 c.2 _h31303 _i64305 _si |
||
| 949 |
_a651.264 P7 _bBC _cLIBRO _d33724000271342 _eLIBRO _fv.5 c.3 _h31304 _i64305 _si |
||
| 949 |
_a651.264 P7 _bBC _cLIBRO _d33724000271359 _eLIBRO _fv.5 c.4 _h31305 _i64305 _si |
||
| 949 |
_a651.264 P7 _bBC _cLIBRO _d33724000271367 _eLIBRO _fv.6 _h30768 _i64305 _si |
||
| 949 |
_a651.264 P7 _bBC _cLIBRO _d33724000271375 _eLIBRO _fv.6 c.2 _h30775 _i64305 _si |
||
| 949 |
_a651.264 P7 _bBC _cLIBRO _d33724000271383 _eLIBRO _fv.6 c.4 _h30789 _i64305 _si |
||
| 949 |
_a651.264 P7 _bBC _cLIBRO _d33724000271391 _eLIBRO _fv.6 c.3 _h30782 _i64305 _si |
||
| 999 |
_c59173 _d59173 |
||